000 00944nmc a2200313 a 4500
003 AR-BaBNM
005 20251128210302.0
008 289019s1997 ||||||||||||||000 | spa||
020 _a84-7935-443-7
040 _cAR-BaBNM
100 1 _aCollelldemont Pujadas, Eulàlia
245 1 0 _aLa bellesa com a pedagogia
_bla proposta d'educació estètica a Hölderlin
260 _aLleida
_bPagès
_c1997
300 _a92 p.
490 0 _aAssaig Argent Viu
_vv. 27
500 _aEste trabajo obtuvo el premio "Joan Profitós" 1996
504 _aContiene bibliografía p. 85-90
600 1 4 _aHölderlin, Friedrich
650 4 _aTEORIAS DE LA EDUCACION
650 4 _aESTETICA
650 4 _aFINALIDADES DE LA EDUCACION
650 4 _aFILOSOFIA DE LA EDUCACION
650 4 _aEDUCACION ARTISTICA
650 4 _aPOESIA
650 4 _aCOMPORTAMIENTO AFECTIVO
700 1 _aVilanou, Conrad
_eprologuista
942 _cBK
998 _cRaquel
999 _c14792
_d14792